000 02065nam a2200397 i 4500
001 195531
003 SpMaBN
005 20250711063128.0
008 240619s2010 sp a | ||||o000 0 spa
015 _aMON10
017 _aM 371-2010
_bOficina Depósito Legal Madrid
020 _a9788473566438
035 _a(OCoLC)733871964
040 _aSpMaBN
_bspa
_cSpMaBN
_erdc
_dES-MaACL
080 _a658.012.2
100 1 _aSainz de Vicuña Ancín, José María
_0XX1001981
_9237148
_eaut
245 1 3 _aEl plan estratégico en la práctica /
_cJosé María Sainz de Vicuña Ancín
250 _a2ª edición, revisada y actualizada
260 _aPozuelo de Alarcón, Madrid :
_bESIC Editorial,
_c2009 [i.e. 2010].
300 _a391 páginas :
_bgráficos ;
_c24 cm
336 _2rdacontent
_atexto
337 _2rdamedia
_asin mediación
338 _2rdacarrier
_avolumen
490 0 _aLibros profesionales de empresa
504 _aBibliografía: páginas [389]-391
520 _aLos testimonios recibidos de los profesionales en cuyas empresas el autor ha utilizado esta herramienta básica para definir la “hoja de ruta” de cualquier empresa, muestran que la aplicación de la sistemática de elaboración del plan estratégico que se expone en este libro les ha ayudado a “contar con el método necesario para que el equipo de dirección avance con rigor y orden en el proceso de reflexión interna (...) y tenga una guía de referencia sobre los proyectos a los que dedicar los mayores esfuerzos en el futuro”.
650 4 _aPlanificación estratégica
_2embne
_916111
852 _aES-MaACL
_cDEPOJ
_jN-10038
_hDonación: Helena de la Joya
_xEncuadernación rústica con solapas
_9206185
903 _aJoya, Helena de la
_ednr
942 _cMONOGRAFIA
_n0
999 _c195531
_d195531